| Tag |
First Indicator |
Second Indicator |
Subfields |
| LEADER |
00000nam a2200000 4500 |
| 001 |
in00004316632 |
| 005 |
20200812074917.0 |
| 006 |
m g d |
| 007 |
cr bn |||a|bb| |
| 008 |
941102s1665 enk o 00| | eng d |
| 035 |
|
|
|a (UnM)99825678
|
| 037 |
|
|
|a CL0037000066
|b ProQuest Information and Learning. 300 N. Zeeb Rd., Ann Arbor, MI 48106
|
| 040 |
|
|
|a Cu-RivES
|c Cu-RivES
|d CStRLIN
|e dcrb
|d WaOLN
|
| 100 |
1 |
|
|a Clarke, Samuel,
|d 1599-1682.
|
| 245 |
0 |
4 |
|a The blessed life, and meritorious death of Our Lord & Saviour Jesus Christ; :
|b from his conception to his cross, and from his cross to his crown. Together with the series, and order of His ministery, and miracles, as they are recorded by the four evangelists, wherein what is wanting in one is supplied out of the other. The second edition. By Sam. Clarke, sometime pastor inSt Bennet-Fink, London
|
| 260 |
|
|
|a London :
|b printed for William Miller at the sign of the Gilded-Acron [sic] in St. Paul's Churchyard near the little north doore,
|c 1665.
|
| 300 |
|
|
|a 1 online resource ([2], 54 pages)
|
| 336 |
|
|
|a text
|b txt
|2 rdacontent
|
| 337 |
|
|
|a computer
|b c
|2 rdamedia
|
| 338 |
|
|
|a online resource
|b cr
|2 rdacarrier
|
| 500 |
|
|
|a Reproduction of original in the University of Illinois (Urbana-Champaign Campus). Library.
|
| 510 |
4 |
|
|a Wing (2nd edition, 1994)
|c C4502A.
|
| 533 |
|
|
|a Electronic reproduction.
|b Ann Arbor, Mich. :
|c UMI,
|d 1999-
|f (Early English books online)
|n Digital version of: (Early English books, 1641-1700 ; 1756:37)
|7 s1999 miun s
|
| 600 |
0 |
0 |
|a Jesus Christ
|x Miracles
|v Early works to 1800.
|
| 600 |
0 |
0 |
|a Jesus Christ
|v Biography
|v Early works to 1800.
|
| 830 |
|
0 |
|a Early English books online.
|
| 856 |
4 |
0 |
|u http://proxy.library.tamu.edu/login?url=https://search.proquest.com/docview/2240894170
|z Connect to the full text of this electronic book
|t 0
|
| 999 |
f |
f |
|s f86426c8-5b68-3588-bb60-33f69c9a7d77
|i b03b2f63-48e6-36ed-ac5a-3acfb85d0856
|t 0
|
| 952 |
f |
f |
|a Texas A&M University
|b College Station
|c Electronic Resources
|d Available Online
|t 0
|h No information provided
|
| 998 |
f |
f |
|t 0
|l Available Online
|